LEADER 02599nam0 22004693i 450 001 BVEE042967 005 20170908093222.0 012 $am.is m,a- orn- lidi (3) 1635 (R)$2fei 100 $a20100407d1635 ||||0itac50 ba 101 | $alat 102 $afr 181 1$6z01$ai $bxxxe 182 1$6z01$an 200 1 $aSalomon siue Commentarius in Prouerbia Salomonis, in duas partes diuisus. Authore R. P. Cornelio Cornelii a Lapide ex Societate Iesu S. Scripturae olim Louanij, posteà Romae professore 210 $aLutetiae Parisiorum$csumptibus Sebastiani Cramoisy typographi regij ordinarij, & Gabrielis Cramoisy, viâ Iacobaeâ sub Ciconijs$d1635 215 $a\12!, 385, \39!, 558, \58! p.$cill., front. calcogr.$d2º 300 $aIl front. calcogr., disegnato e inciso da G. Huret, precede il front. tip 300 $aTesto su 2 colonne 300 $aMarca calcogr. non controllata (2 cicogne in volo: Honora patrem tuum et Matrem tuam, vt sis longaeuus super terram. SC) sul front. tip 300 $aSegn.: ā⁶A-3G⁴, ²A-4H⁴ 300 $aFront. tip. stampato in rosso e nero 300 $aTit. del front. calcogr.: Salomon siue Commentarius in omnes Salomonis libros . 300 $aVignetta xil. usata come finalino alle c. ā6v. 3C1v. 3G4v. e ²4A4v. 314 $aincisore$9BVEV098910 316 $a1 vol.$5IT-NA0243, F. PRESEPEXVII 57 500 10$aBibbia. Antico Testamento. Proverbi $3SBN0074199$91481588 517 1 $aSalomon siue Commentarius in omnes Salomonis libros authore R. P. Cornelio Cornelii a Lapide è Societate Iesu.$9BVEE043008 620 $dParigi$3TO0L002626 700 0$aCornelius : a Lapide$3CUBV047179$4070$0744177 702 1$aHuret$b, Grégoire$f <1606-1670>$3BVEV098910 712 02$aCramoisy, Sébastien$c <1.> & Cramoisy, Gabriel$3BVEV045569$4650 790 1$aSteen$b, Cornelis Cornelissen : van den$3SBNV007246$zCornelius : a Lapide 790 1$aLapide$b, Cornelius : a$3SBNV007247$zCornelius : a Lapide 791 02$aCramoisy, Gabriel & Cramoisy, Sébastien$d <1.>$3BVEV069655$zCramoisy, Sébastien <1.> & Cramoisy, Gabriel 801 3$aIT$bIT-NA0079$c20100407 850 $aIT-NA0243 912 $aBVEE042967 921 $aSBNM000001$bMarca non controllata$cS2$dsul front. tip. 950 0$aCentro Librario e Bibliotecario per la Diffusione della cultura$c1 v.$d 67F. PRESEPEXVII 57$e 67ANT0000121805 B 1 vol.$fZ $h20100407$i20100407 977 $a 67 996 $aBibbia. Antico Testamento. Proverbi$91481588 997 $aUNISANNIO